| 000 | 004280000a22001810004500 | ||
|---|---|---|---|
| 650 | _aHuman ecology | ||
| 650 | _aEnvironment | ||
| 082 |
_a304.2 _bM614e |
||
| 530 | _aM | ||
| 100 | _aMiller, George Tyler | ||
| 245 | _aEnvironmental science; an introduction | ||
| 250 | _a2nd edn | ||
| 260 |
_aCalifornia _bWadsworth Publishing |
||
| 260 | _c1986 | ||
| 041 | _aEng | ||
| 300 |
_axiv,407p. _bfigrs.,tables. |
||
| 942 | _cGEN | ||
| 999 |
_c10082 _d10082 |
||